1329 1073 1212 1846 1025 1886 1587 1841 1522 1085 1250 1989 1523 1205 1300 1975 1859 1412 1818 1215 1293 1186 1046 1737 1252 1539 1974 1372 1185 1059 1562 1114 1083 1492 1786 1744 1808 1959 1956 1422 1516 1710 1489 1986 1659 1159 1079 1642 1801 1063 1840 1665 1737 1502 1317 1900 1885 1323 1691 1047 1354 1571 1480 1597 1345 1867 1467 1834 1153 1896 1258 1305 1405 1516 1938 1446 1770 1727 1229 1530 1984 1761 1928 1655 1929 1552 1346 1330 1485 1848 1409 1714 1311 1428 1764 1115 1354 1198 1470 BCNSPRNW ULIB Ver.6.0+V

เปลี่ยนเป็นภาษาไทย

Change to English
 แสดงรายละเอียดบรรณานุกรม
  กลับหน้าหลัก

Brief Record : Get Marc (ISO 2709) : E-mail record : QR code < ปิดหน้าต่าง
LEADER : 00000nam 2200000uu 4500
001    13399113084
003     ULIB
008    110926s2550||||th 000 0 tha d
020    9789747178371
090    PL4162^bน644ค 2550
100 0  นิรณี พลพินิจ
245 10 คำและวลีฝึกพูดภาษาไทยสำหรับชาวต่างชาติ /^cนิรณี พลพินิจ
260    นนทบุรี :^bเจ.บี.พับลิชชิ่ง,^c2550
300    288 หน้า ;^c21 ซม
650  7 ภาษาไทย^xการใช้ภาษา
650  7 ภาษาไทย^xบทสนทนาและวลี
650  7 ภาษาไทย^xตำราสำหรับชนต่างชาติ
945    ^p230^l0^i021216
945    ^p230^l0^i021217
995    ทศพร
999 ^a ทศพร
รายการนี้ยังไม่มีแท็ก
คุณยังไม่ได้ล็อกอิน คุณสามารถมีกิจกรรมร่วมกับเว็บไซต์ได้ แต่ต้องล็อกอินก่อน ::
  ล็อกอิน

รายการสื่อสารสนเทศ

ลำดับที่ ประเภท เลขเรียก/บาร์โค้ด สถานที่ สถานะ
- ไม่พบข้อมูล -

รายการใกล้เคียง
    ผู้แต่ง [นิรณี พลพินิจ]

BibComment


ยังไม่เคยถูกคอมเมนท์

คอมเมนท์ทรัพยากรรายการนี้
  คอมเมนท์: คำและวลีฝึกพูดภาษ..


 Copyright 2026. Bcnsprnw @Library